banner-ar

التغذية والتمارين لكبار السن (Record no. 33795)

MARC details
000 -الفاتح
حقل البيانات ثابتة الطول 00484nam a2200169Ia 4500
008 - عناصر البيانات ثابتة الطول - معلومات عامة
حقل البيانات ثابتة الطول 140319s9999 xx 000 0 ara d
040 ## - مصدر الفهرسة
وكالة الفهرسة الأصلية GCL /
وكالة النسخ GCL
082 04 - رقم تصنيف ديوى العشرى
رقم التصنيف فيديو
رقم المادة 84
245 10 - بيان العنوان
العنوان التغذية والتمارين لكبار السن
490 ## - بيان السلسلة
عنوان السلسلة موسوعة طبيبك الخاص
رقم المجلد/ التعيين التسلسلي 0
650 04 - المدخل الاضافى بالموضوع-مصطلح موضوعى
مصطلح موضوعي الطب
650 04 - المدخل الاضافى بالموضوع-مصطلح موضوعى
مصطلح موضوعي شرائط فيديو
650 04 - المدخل الاضافى بالموضوع-مصطلح موضوعى
مصطلح موضوعي التغذيةو التمارين
942 ## - عناصر المدخل الإضافي( كوها)
مصدر التصنيف او مخطط الترفيف Dewey Decimal Classification
Koha [default] item type كتاب
260 ## - PUBLICATION, DISTRIBUTION, ETC. (IMPRINT)
-- [S.N] :
-- لا يوجد
Holdings
حالة التراجع حالة الفقد حالة تلف ليس للاعارة المكان المؤقت الموقع الحالى تاريخ الاكتساب اجمالي اﻻعارات رقم الطلب الباركود تاريخ اخر مشاهدة تاريخ تفعيل السعر نوع وعاء كوها
        مكتبة القاهرة الكبرى مكتبة القاهرة الكبرى 03/26/2014   فيديو\84 80363 03/26/2014 03/26/2014 كتاب

Powered By

EGPV